Welche Stadt mit Z? - Statistiken

Allgemein
  • Dieses Quiz wurde 41 mal gespielt
  • Das Durchschnittsergebnis liegt bei 8 aus 15
Antwortstatistiken
Hinweis Stadt % Korrekt
Sächsische Automobilstadt und ehemalige Großstadt Zwickau
94%
Hauptstadt an der Save, deren veralteter deutscher Name Agram ist Zagreb
89%
Schweizer Kantonshauptort, leicht verwechselbar mit einem Transportmittel Zug
86%
Bergort am Fuße des Matterhorns Zermatt
75%
Hauptstadt der spanischen Region Aragonien Zaragoza
64%
Das Großmünster, die Bahnhofstraße und das Museum Rietberg sind bekannte Sehenswürdigkeiten der Stadt Zürich
61%
kleinste kreisfreie Stadt Deutschlands Zweibrücken
53%
Bezirkshauptstadt Österreichs am nach ihr benannten See, deren Bezirk deckungsgleich mit dem Pinzgau ist Zell am See
50%
Küstenstadt und beliebter Urlaubsort in Dalmatien Zadar
47%
südlich in Polen gelegener Wintersportort in den Karpaten Zakopane
47%
Sächsische Stadt, die für ihre zwei Fastentücher aus dem 15. und 16. Jahrhundert bekannt ist Zittau
42%
an der IJssel und dem Zwarte Water gelegen, um die Altstadt sind Grachten in Sternform angelegt Zwolle
39%
mit 468km² ist die Stadt in Sachsen-Anhalt die fünftgrößte Deutschlands nach Fläche Zerbst
22%
Chinesische Millionenstadt südlich des Gelben Flusses und Hauptstadt der Provinz Henan Zhengzhou
19%
ehemalige Residenzstadt mit dem Schloss Moritzburg, in dem sich heute ein Kinderwagenmuseum befindet Zeitz
14%
Keine übereinstimmenden Quizze gefunden
Verteilung der Resultate
Anzahl Personen mit jedem Resultat
Perzentil nach korrekt beantworteten Fragen
Ihre Resultats-Entwicklung
Sie haben dieses Quiz noch nicht gespielt